00281nam a2200121Ia 4500008004100000100001500041245002400056260003300080300000900113650001500122942000700137999001500144190216s9999||||xx |||||||||||||| ||und|| aNagaratnam 0aAdvanced Accounting bPrabhakar Publicationsc1976 a720p aAccounting cBK c4272d4272